Rappeurs par nouvel album - Statistiques

Statistiques générales
  • Ce quiz a été pris 4 fois
  • Le résultat moyen est 10 sur 69
Statistiques - réponses
Album Rappeur % Correct
L'Angelo Dell Male Baby Gang
75%
X2VR Sfera Ebbasta
75%
TUNNEL Simba La Rue
75%
OK AVA AVA
50%
FERITE Capo Plaza
50%
PIZZA KEBAB Ghali
50%
ICON Tony Effe
50%
Roof Top Mixtape 1 2nd Roof
25%
LISTA 47 ANNA
25%
ASPETANDO LA BELLA VITA Artie 5ive
25%
ELO DrefGold
25%
Effeto Notte Emis Killa
25%
Caos Fabri Fibra
25%
IL CORAGGIO DEI BAMBINI Geolier
25%
Madreperla Guè
25%
NO MONEY MORE LOVE JLord
25%
I Nomi Del Diavolo Kid Yugi
25%
SIRIO Lazza
25%
LONEWOLF MadMan
25%
NEI LETTI DEGLI ATLTRI Mahmood
25%
NOI LORO GLI ALTRI Marracash
25%
Le Cose Cambiano Massimo Pericolo
25%
Botox Night Skinny
25%
BLUE TAPE Rondodasosa
25%
BALORDO Sacky
25%
X2 DELUXE Sick Luke
25%
La Divina Commedia Tedua
25%
c@ra++ere s?ec!@le thasup
25%
VILLABANKS VillaBanks
25%
X Questa Notte Andry The Hitmaker
0%
Innamorato BLANCO
0%
ORO BLU Bresh
0%
Dark Boys Club Dark Polo Gang
0%
VENDETTA Digital Astro
0%
MEZZA PAROLA Don Pero
0%
10 Drillionaire
0%
IO NON HO PAURA Ernia
0%
1998 Il Ghost
0%
Young Prove EP Il Prove
0%
RIOT Izi
0%
Ferro Del Mestiere Jake La Furia
0%
FLOW Jamil
0%
ERROR 442 Keta
0%
Armageddon Ketama126
0%
LYSSAVIRUS Kilimoney
0%
LIBERATO II LIBERATO
0%
Sex Festival LINCH
0%
Dove Volano Le Aquile Luchè
0%
CANTERA MACHETE MACHETE
0%
Facendo Faccende MamboLosco
0%
Capo Della Jersey Mikush
0%
Piccolo Principe Neima Ezza
0%
CELLA 5 Niko Pandetta
0%
E LA (LOVE) Niky Savage
0%
Salvatore Vive Paky
0%
LOVE IS WAR Pyrex
0%
Popolari Rhove
0%
NO REGULAR MUSIC Sadturs
0%
SEVEN 7oo MIXTAPE Seven 7oo
0%
Santana Season Shiva
0%
coffee blends Sick Budd
0%
IL RITORNO DEL VERO Side Baby
0%
Habitat Cielo Silent Bob
0%
WE THE SQUAD VOL1 SLF
0%
TRAPHOUSE Slings
0%
SILENZIO SPOOKYPBL
0%
COSA NOSTRA Timongothekeys
0%
Vp Drive 1 Vale Pain
0%
Succo Di Zenzero Wayne
0%
Aucun quiz correspondant
Distribution des résultats
% des personnes avec chaque résultat
Percentile par nombre de réponses
Votre historique - résultats
Vous n’avez pas pris ce quiz